Modifikácia GPC riadenia

Na minha lista:
Detalhes bibliográficos
Autor principal: Chmelko, Miloš (Author)
Outros Autores: Miklovičová, Eva, 1967- (Thesis advisor)
Formato: Manuscrito Livro
Idioma:eslovaco
Publicado em: Bratislava : STU v Bratislave FEI, 2007
Assuntos:
Tags: Adicionar Tag
Sem tags, seja o primeiro a adicionar uma tag!

MARC

LEADER 00000ntm a22000003a 4500
001 stu155989
005 20160719165046.9
008 080125s2007------------------------slo-d
040 |a STU  |b slo 
041 0 |a slo 
100 1 |a Chmelko, Miloš  |4 aut 
245 1 |a Modifikácia GPC riadenia 
260 |a Bratislava :  |b STU v Bratislave FEI,  |c 2007 
300 |a 85 s 
650 7 |a kybernetika  |2 stusub 
650 7 |a Matlab-programovanie  |2 stusub 
650 7 |a GPC  |2 stusub 
700 1 |a Miklovičová, Eva,  |d 1967-  |4 ths  |u E011  |U FEI Fakulta elektrotechniky a informatiky  |T FEI Ústav robotiky a kybernetiky  |X 4909  |U E011  |Y 356  |7 A000004909